000 00745nam a2200217Ia 4500
005 20150223170328.0
010 _aBAC-CH25
020 _a9788129121172
_c150.00
035 _aG-002940
035 _aB-550549-578
037 _bAakar/Ven
_adpl
082 _aS
100 _a Anand, Paro
245 _aA Little Bird Who Held the Sky up With His Feet/
_cby Paro Anand
260 _aNew Delhi
_bRed Turtle Rupa
_c2013
270 _a7/16, Ansari Road, Daryaganj
_bNew Delhi
_e110002
300 _a93p.:
_bill.
_c20cm(pbk)
942 _cCH
_2ddc
_mANA
_hS
999 _c85587
_d85587